Normal view
MARC view
- MILITARY HISTORY.COMMAND AND STAFF COLLEGE.CSC
Entry Topical Term
001 - CONTROL NUMBER
- control field: 56602
003 - CONTROL NUMBER IDENTIFIER
- control field: NUST
005 - DATE AND TIME OF LATEST TRANSACTION
- control field: 20210628201734.0
008 - FIXED-LENGTH DATA ELEMENTS
- fixed length control field: 210628|| aca||aabn | a|a d
040 ## - CATALOGING SOURCE
- Original cataloging agency: NUST
- Transcribing agency: NUST
150 ## - HEADING--TOPICAL TERM
- Topical term or geographic name entry element: MILITARY HISTORY.COMMAND AND STAFF COLLEGE.CSC
670 ## - SOURCE DATA FOUND
- Source citation: Work cat.: (NUST): Lt Col Sajjad Asghar 56601, Military history a primer staff course 2000, 2000
